FIVE GO OFF IN A CARAVAN (Record no. 56839)

000 -LEADER
fixed length control field 00443nam a22001817a 4500
003 - CONTROL NUMBER IDENTIFIER
control field MPLRDC
005 - DATE AND TIME OF LATEST TRANSACTION
control field 20220104164206.0
008 - FIXED-LENGTH DATA ELEMENTS--GENERAL INFORMATION
fixed length control field 210129b ||||| |||| 00| 0 eng d
020 ## - INTERNATIONAL STANDARD BOOK NUMBER
International Standard Book Number 0-340-04001-7
082 ## - DEWEY DECIMAL CLASSIFICATION NUMBER
Classification number 859.61 BLY-2
100 ## - MAIN ENTRY--PERSONAL NAME
Personal name ENID BLYTON
245 ## - TITLE STATEMENT
Title FIVE GO OFF IN A CARAVAN
Statement of responsibility, etc.
250 ## - EDITION STATEMENT
Edition statement 第十一版
260 ## - PUBLICATION, DISTRIBUTION, ETC.
Place of publication, distribution, etc.
Name of publisher, distributor, etc. KNIGHT BOOKS
Date of publication, distribution, etc. 1976
300 ## - PHYSICAL DESCRIPTION
Other physical details
650 ## - SUBJECT ADDED ENTRY--TOPICAL TERM
Topical term or geographic name entry element CHILDREN LITERATURE
942 ## - ADDED ENTRY ELEMENTS (KOHA)
Koha item type Book
-- 859.61 BLY-2
Holdings
Withdrawn status Lost status Source of classification or shelving scheme Damaged status Not for loan Collection code Home library Current library Shelving location Date acquired Cost, normal purchase price Total Checkouts Full call number Barcode Date last seen Date last checked out Price effective from Koha item type Public note
            Malaysian Public Library, Research and Development Centre Malaysian Public Library, Research and Development Centre   10/12/2007 1.80   859.61 BLY-2 E0001075 18/03/2021 15/07/2016 18/03/2021 Book mplrdc

© 2022. Malaysian Public Library, Research and Development Centre. All Right ReservedE-mailmplrdc@help.edu.my 

Powered by Koha